1186 1562 1790 1073 1971 1300 1974 1477 1334 1381 1524 1621 1510 1751 1579 1262 1164 1974 1343 1429 1308 1160 1474 1192 1478 1063 1754 1445 1770 1575 1265 1113 1661 1382 1134 1318 1540 1724 1115 1823 1491 1596 1570 1508 1236 1688 1920 1931 1889 1584 1123 1465 1381 1678 1106 1090 1387 1842 1727 1296 1432 1465 1787 1931 1708 1699 1418 1496 1354 1295 1675 1057 1071 1018 1248 1763 1299 1030 1623 1763 1477 1162 1626 1693 1832 1440 1373 1568 1396 1244 1901 1325 1233 1286 1317 1187 1510 1689 1008 BCNSPRNW ULIB Ver.6.0+V

เปลี่ยนเป็นภาษาไทย

Change to English
 แสดงรายละเอียดบรรณานุกรม
  กลับหน้าหลัก

Brief Record : Get Marc (ISO 2709) : E-mail record : QR code < ปิดหน้าต่าง
LEADER : 00000nam 2200000uu 4500
001    13399111271
003     ULIB
008    110621s2000||||th 000 0 eng d
020    0781725917
020    078172404X
020    9780781724043
060 04 WQ18.2^bM294 2000
245 00 Manual of obstetrics /^cedited by Arthur T. Evans, KennethR. Niswander
250    6th ed.
260    Philadelphia :^bLippincott Williams & Wilkins,^c2000
300    xiii, 540 p. ;^c21 cm.
504    Includes bibliographical references
650  2 Contraception^xoutlines
650  2 Obstetrics^xoutlines
650  2 Perinatology^xoutlines
650  2 Pregnancy Complications^voutlines
700 1  Evans, Arthur T.,^eed
700 1  Niswander, Kenneth R.,^d1924- ,^eed.
945    ^p0^l0^i014921
995    Kesorn
999 ^a ใช้งานได้ทุกระบบ
รายการนี้ยังไม่มีแท็ก
คุณยังไม่ได้ล็อกอิน คุณสามารถมีกิจกรรมร่วมกับเว็บไซต์ได้ แต่ต้องล็อกอินก่อน ::
  ล็อกอิน

รายการสื่อสารสนเทศ

ลำดับที่ ประเภท เลขเรียก/บาร์โค้ด สถานที่ สถานะ
- ไม่พบข้อมูล -

BibComment


ยังไม่เคยถูกคอมเมนท์

คอมเมนท์ทรัพยากรรายการนี้
  คอมเมนท์: Manual of obstetr..


 Copyright 2026. Bcnsprnw @Library